Protein electrophoresis : (Record no. 21321)

MARC details
000 -LEADER
fixed length control field 01199cam a22003015i 4500
001 - CONTROL NUMBER
control field 17239973
003 - CONTROL NUMBER IDENTIFIER
control field EG-ScBUE
005 - DATE AND TIME OF LATEST TRANSACTION
control field 20250812091305.0
008 - FIXED-LENGTH DATA ELEMENTS--GENERAL INFORMATION
fixed length control field 120403t2012 nyua f b 001 0 eng d
020 ## - INTERNATIONAL STANDARD BOOK NUMBER
International Standard Book Number 9781617798207 (alk. paper)
040 ## - CATALOGING SOURCE
Original cataloging agency EG-ScBUE
Language of cataloging eng
Description conventions rda
Transcribing agency EG-ScBUE
Modifying agency EG-ScBUE
082 04 - DEWEY DECIMAL CLASSIFICATION NUMBER
Edition number 22
Classification number 543.4
Item number PRO
245 00 - TITLE STATEMENT
Title Protein electrophoresis :
Remainder of title methods and protocols /
Statement of responsibility, etc edited by Biji T. Kurien and R. Hal Scofield, University of Oklahoma Health Sciences Center, Oklahoma Medical Research Foundation, Department of Veterans Affairs Medical Center, Oklahoma City, OK, USA.
264 #1 - PUBLICATION, DISTRIBUTION, ETC. (IMPRINT)
Place of publication, distribution, etc New York :
Name of publisher, distributor, etc Humana Press,
Date of publication, distribution, etc [2012]
264 #4 - PUBLICATION, DISTRIBUTION, ETC. (IMPRINT)
Date of publication, distribution, etc c2012
300 ## - PHYSICAL DESCRIPTION
Extent xiv, 648 pages :
Other physical details illustrations (some color) ;
Dimensions 27 cm.
336 ## - CONTENT TYPE
Source rdacontent
Content type term text
Content type code txt
337 ## - MEDIA TYPE
Media type term unmediated
Source rdamedia
Media type code n
338 ## - CARRIER TYPE
Carrier type term volume
Carrier type code nc
Source rdacarrier
490 0# - SERIES STATEMENT
Series statement Methods in molecular biology,
International Standard Serial Number 1064-3745 ;
Volume number/sequential designation 869
504 ## - BIBLIOGRAPHY, ETC. NOTE
Bibliography, etc Includes bibliographical references and index.<br/>
650 #7 - SUBJECT ADDED ENTRY--TOPICAL TERM
Topical term or geographic name as entry element Electrophoresis
Form subdivision Laboratory manuals.
Source of heading or term BUEsh
653 ## - INDEX TERM--UNCONTROLLED
Resource For college Pharmacy
Arrived date list March2016
655 ## - INDEX TERM--GENRE/FORM
Form subdivision Reading book
700 1# - ADDED ENTRY--PERSONAL NAME
Personal name Kurien, Biji T.,
Relator term editor.
700 1# - ADDED ENTRY--PERSONAL NAME
Personal name Scofield, R. Hal,
Relator term editor.
942 ## - ADDED ENTRY ELEMENTS (KOHA)
Source of classification or shelving scheme Dewey Decimal Classification
Koha item type Book - Borrowing
Holdings
Withdrawn status Lost status Source of classification or shelving scheme Damaged status Not for loan Collection code Home library Current library Shelving location Date acquired Source of acquisition Cost, normal purchase price Serial Enumeration / chronology Total Checkouts Full call number Barcode Date last seen Cost, replacement price Price effective from Koha item type
    Dewey Decimal Classification       Central Library Central Library First floor 06/03/2016 Purchase 1480.00 2   543.4 PRO 000031891 15/07/2025 1850.00 06/03/2016 Book - Borrowing